<?xml version="1.0" encoding="UTF-8"?>
<record
    xmlns:xsi="http://www.w3.org/2001/XMLSchema-instance"
    xsi:schemaLocation="http://www.loc.gov/MARC21/slim http://www.loc.gov/standards/marcxml/schema/MARC21slim.xsd"
    xmlns="http://www.loc.gov/MARC21/slim">

  <leader>01049nab a2200253uuc4500</leader>
  <controlfield tag="001">1389113</controlfield>
  <controlfield tag="005">20240202120300.0</controlfield>
  <controlfield tag="007">cr|||||||</controlfield>
  <controlfield tag="008">141022                             spa  </controlfield>
  <datafield tag="035" ind1=" " ind2=" ">
    <subfield code="a">1389113</subfield>
  </datafield>
  <datafield tag="040" ind1=" " ind2=" ">
    <subfield code="c">comduadb</subfield>
  </datafield>
  <datafield tag="041" ind1=" " ind2=" ">
    <subfield code="a">spa</subfield>
  </datafield>
  <datafield tag="100" ind1="1" ind2="0">
    <subfield code="a">Lojo Seoane, Cristina</subfield>
    <subfield code="4">aut</subfield>
    <subfield code="e">aut</subfield>
    <subfield code="9">698501</subfield>
  </datafield>
  <datafield tag="245" ind1="1" ind2="0">
    <subfield code="a">&#xBF;Previene la actividad intelectual el deterioro cognitivo? Relaciones entre reserva cognitiva y deterioro cognitivo ligero</subfield>
  </datafield>
  <datafield tag="650" ind1=" " ind2=" ">
    <subfield code="a">Deterioro cognitivo</subfield>
    <subfield code="9">208580</subfield>
  </datafield>
  <datafield tag="650" ind1=" " ind2=" ">
    <subfield code="a">Deterioro cognitivo ligero (DCL)</subfield>
    <subfield code="9">162847</subfield>
  </datafield>
  <datafield tag="650" ind1=" " ind2=" ">
    <subfield code="a">Estimulaci&#xF3;n cognitiva</subfield>
    <subfield code="9">188089</subfield>
  </datafield>
  <datafield tag="650" ind1=" " ind2=" ">
    <subfield code="a">Funciones cognitivas</subfield>
    <subfield code="9">113472</subfield>
  </datafield>
  <datafield tag="700" ind1="1" ind2="0">
    <subfield code="a">Facal, David</subfield>
    <subfield code="4">aut</subfield>
    <subfield code="e">aut</subfield>
    <subfield code="9">685510</subfield>
  </datafield>
  <datafield tag="700" ind1="1" ind2="0">
    <subfield code="a">Juncos Rabadan, Onesimo</subfield>
    <subfield code="4">aut</subfield>
    <subfield code="e">aut</subfield>
    <subfield code="9">378947</subfield>
  </datafield>
  <datafield tag="773" ind1="0" ind2=" ">
    <subfield code="t">Revista Espa&#xF1;ola de Geriatr&#xED;a y Gerontolog&#xED;a (Espa&#xF1;a)</subfield>
    <subfield code="g">Vol. 47. N&#xFA;m. 06. Noviembre 2012 - Diciembre 2012, p. 270-278</subfield>
    <subfield code="w">1362608</subfield>
    <subfield code="0">678480</subfield>
  </datafield>
  <datafield tag="856" ind1="4" ind2=" ">
    <subfield code="u">https://aplicacionesbiblioteca.udea.edu.co:2629/#!/browse/toc/1-s2.0-S0211139X12X00064/null/journalIssue</subfield>
  </datafield>
  <datafield tag="942" ind1=" " ind2=" ">
    <subfield code="c">ARIMP</subfield>
  </datafield>
  <datafield tag="999" ind1=" " ind2=" ">
    <subfield code="c">698089</subfield>
    <subfield code="d">698089</subfield>
  </datafield>
</record>
